Building bridges : (Record no. 283333)
[ view plain ]
| 000 -LEADER | |
|---|---|
| fixed length control field | 00393nam a2200121Ia 4500 |
| 008 - FIXED-LENGTH DATA ELEMENTS--GENERAL INFORMATION | |
| fixed length control field | 150223s9999 xx 000 0 und d |
| 020 ## - INTERNATIONAL STANDARD BOOK NUMBER | |
| International Standard Book Number | 9712709760 |
| 050 ## - LIBRARY OF CONGRESS CALL NUMBER | |
| Classification number | HQ755.8 |
| Item number | .Y95 2000 |
| 100 ## - MAIN ENTRY--PERSONAL NAME | |
| Personal name | Yuson, Nina. |
| 245 ## - TITLE STATEMENT | |
| Title | Building bridges : |
| Remainder of title | learning and growing up with your kids / |
| Statement of responsibility, etc | Nina Lim-Yuson, Ph.D. |
| 260 ## - PUBLICATION, DISTRIBUTION, ETC. (IMPRINT) | |
| Place of publication, distribution, etc | Philippines : |
| Name of publisher, distributor, etc | Anvil Publishing, |
| Date of publication, distribution, etc | 2000 |
| 300 ## - PHYSICAL DESCRIPTION | |
| Extent | 233 pages : |
| Dimensions | 23 cm. |
No items available.